00329nam a2200121Ia 4500008004100000041000800041082001600049100002100065245003700086260004500123300003200168365000700200240624s9999 xx 000 0 und d aeng a658.404 KHA aKHATUA SITANGSHU aPROJECT MANAGEMENT AND APPRAISAL c2011aNew DelhibOxford University Press axvii, : 590 : p. : cm. ; 24 cRS